| 000 | 00961nam a22003017a 4500 | ||
|---|---|---|---|
| 003 | CHAP | ||
| 005 | 20220329135628.0 | ||
| 008 | 971013s1960 r 00010 d | ||
| 010 | _a39595 | ||
| 011 | _a40567 | ||
| 035 | _a44693 | ||
| 040 | _cCHAP | ||
| 082 |
_a629.1 _bE8 |
||
| 110 |
_aE.U.A. Bureau of Reclamation _934862 |
||
| 245 | _aStudies of ground-water movement | ||
| 260 |
_aDenver, Colo. : _bThe Bureau, _c1960 |
||
| 300 |
_a180 p. _b; gráfs. |
||
| 490 |
_aTechnical memornadum _v; 657 |
||
| 590 |
_aBATCH-UPD _b10 _c20130110 _lUCH01 _h2104 |
||
| 590 |
_aBATCH-UPD _b10 _c20130410 _lUCH01 _h1416 |
||
| 590 |
_aCONVERSION _b10 _c20130109 _lUCH01 _h1322 |
||
| 650 | 1 | 4 |
_aAgua subterranea. _92456 |
| 830 | 0 |
_aTechnical memornadum _v; 657 _9111894 |
|
| 901 | _aBK | ||
| 942 | _cLIBRO | ||
| 949 |
_a629.1 E8 _bBC _cLIBRO _d33724000026175 _eLIBRO _h52952 _i44693 _si _t37.00 |
||
| 949 |
_a629.1 E8 _bBC _cLIBRO _d33724000026209 _eLIBRO _fc.2 _h52953 _i44693 _si _t37.00 |
||
| 999 |
_c39595 _d39595 |
||